| 000 | 00579nam a22001937a 4500 | ||
|---|---|---|---|
| 999 |
_c4656 _d4656 |
||
| 003 | AR-CdUCM | ||
| 008 | 190311b ||||| |||| 00| 0 spa d | ||
| 040 |
_aMUNICIPALIDAD PROVINCIAL DEL CUSCO _cBIBLIOTECA MUNICIPAL DEL CUSCO |
||
| 082 |
_a869.508 / _bSU85 |
||
| 100 |
_aSuarez-Miraval, Manuel _914493 |
||
| 245 |
_a5 poetas arequipeños : _bpoesía / |
||
| 260 |
_aArequipa : _bPopulibro, _c1958. |
||
| 300 |
_a167 páginas ; _c16.5 cm. |
||
| 500 | _aDonación familia Nieto | ||
| 650 |
_aPoesía peruana _9806 |
||
| 650 |
_aSiglo XX _98 |
||
| 942 |
_2ddc _cLIBROS |
||
| 945 | _aafb | ||